<?xml version="1.0" encoding="UTF-8"?>
<record
    xmlns:xsi="http://www.w3.org/2001/XMLSchema-instance"
    xsi:schemaLocation="http://www.loc.gov/MARC21/slim http://www.loc.gov/standards/marcxml/schema/MARC21slim.xsd"
    xmlns="http://www.loc.gov/MARC21/slim">

  <leader>00521nam a22001457a 4500</leader>
  <controlfield tag="005">20250902120853.0</controlfield>
  <controlfield tag="008">250902b        |||||||| |||| 00| 0 eng d</controlfield>
  <datafield tag="100" ind1=" " ind2=" ">
    <subfield code="a">ONYANGO DAVID</subfield>
  </datafield>
  <datafield tag="245" ind1=" " ind2=" ">
    <subfield code="a">INFLUENCE OF TEACHER PERFORMANCE APPRAISAL AND DEVELOPMENT ON PUPILS ACADEMIC PERFOMANCE IN PUBLIC PRIMARY SCHOOLS IN SUNA EAST SUB-COUNTY, MIGORI COUNTY, KENYA</subfield>
  </datafield>
  <datafield tag="260" ind1=" " ind2=" ">
    <subfield code="a">KISII</subfield>
    <subfield code="b">KISII UNIVERSITY</subfield>
    <subfield code="c">2020</subfield>
  </datafield>
  <datafield tag="300" ind1=" " ind2=" ">
    <subfield code="a">XIX, 149P.</subfield>
  </datafield>
  <datafield tag="500" ind1=" " ind2=" ">
    <subfield code="a">INCLUDES BIBLIOGRAPHICAL REFERENCES</subfield>
  </datafield>
  <datafield tag="650" ind1=" " ind2=" ">
    <subfield code="a">TEACHERS</subfield>
  </datafield>
  <datafield tag="942" ind1=" " ind2=" ">
    <subfield code="2">lcc</subfield>
    <subfield code="c">REF</subfield>
  </datafield>
  <datafield tag="999" ind1=" " ind2=" ">
    <subfield code="c">216065</subfield>
    <subfield code="d">216065</subfield>
  </datafield>
  <datafield tag="952" ind1=" " ind2=" ">
    <subfield code="0">0</subfield>
    <subfield code="1">0</subfield>
    <subfield code="2">lcc</subfield>
    <subfield code="4">0</subfield>
    <subfield code="6">THE L B2838 O59  02020</subfield>
    <subfield code="7">0</subfield>
    <subfield code="8">ARTS</subfield>
    <subfield code="9">372926</subfield>
    <subfield code="a">KSUL</subfield>
    <subfield code="b">KSUL</subfield>
    <subfield code="c">DISPLAY</subfield>
    <subfield code="d">2025-09-02</subfield>
    <subfield code="i">108017</subfield>
    <subfield code="l">0</subfield>
    <subfield code="o">THE LB 2838 .O59 2020</subfield>
    <subfield code="p">000000014746</subfield>
    <subfield code="r">2025-09-02 12:16:38</subfield>
    <subfield code="t">C.1</subfield>
    <subfield code="w">2025-09-02</subfield>
    <subfield code="y">REF</subfield>
  </datafield>
</record>
